MARC

LEADER 00000nam0a2200000 4500
001 374176
005 20231102012630.0
020 |a RU  |b 86-64930 
035 |a (RuTPU)RU\TPU\retro\31610 
035 |a RU\TPU\book\303905 
090 |a 374176 
100 |a 20221219d1986 km y0rusy5003 ca 
101 0 |a rus 
102 |a RU 
105 |a a z 001zy 
200 1 |a Технология моделей и форм в производстве тонкой керамики  |f Г. А. Оскотский, Н. Н. Батулинский, В. В. Буланов 
210 |a Москва  |c Легпромбытиздат  |d 1986 
215 |a 111 с.  |c ил. 
320 |a Библиогр.: с. 110 
606 1 |a Керамика тонкая  |x Производство  |x Автоматизация и механизация  |2 stltpush  |3 (RuTPU)RU\TPU\subj\34857  |9 56699 
610 1 |a фарфоровое производство 
610 1 |a фаянсовое производство 
610 1 |a материалы 
610 1 |a инструменты 
610 1 |a приспособления 
610 1 |a посуда 
610 1 |a ассортимент 
610 1 |a модели 
610 1 |a изготовление 
610 1 |a формовочная оснастка 
610 1 |a изготовление 
610 1 |a реставрация 
610 1 |a эксплуатация 
675 |a 666.64  |z rus  |v 3 
700 1 |a Оскотский  |b Г. А.  |g Геннадий Аркадьевич  |4 070 
701 1 |a Батулинский  |b Н. Н.  |g Никанор Николаевич 
701 1 |a Буланов  |b В. В.  |g Виктор Васильевич 
801 0 |a RU  |b RuMRKP  |c 19950704  |g psbo 
801 1 |a RU  |b 63413507  |c 20150110 
801 2 |a RU  |b 63413507  |c 20221219  |g RCR 
942 |c BK